| 000 | 00395nam a2200133 4500 | ||
|---|---|---|---|
| 005 | 20260116111541.0 | ||
| 008 | 260116b |||||||| |||| 00| 0 eng d | ||
| 020 | _a9780750686549 | ||
| 100 | _aAbbott, Doug | ||
| 245 |
_aEmbedded Linux development using Eclipse _c/Doug Abbott |
||
| 260 |
_aUnited States of America; _bNewnes/Elsevier; _cc2009. |
||
| 300 |
_axiv, 248 p.; _c23.5cm |
||
| 942 |
_2lcc _n0 _cBK |
||
| 999 |
_c127 _d127 |
||